States of British Malaya in 1922 on a Map - Statistics

General Stats
  • This quiz has been taken 66 times
  • The average score is 7 of 13
Answers on the Map
Answers color-coded by a green-red scale on the quiz's map according to % correct below.
 
Answer Stats
Answer % Correct
Singapore
93%
Johor
87%
Malacca
70%
Penang
63%
Perlis
61%
Perak
54%
Terengganu
54%
Kedah
50%
Kelantan
50%
Selangor
50%
Pahang
48%
Negeri Sembilan
46%
Dindings
22%
No matching quizzes found
Score Distribution
Percent of People with Each Score
Percentile by Number Answered
Your Score History
You have not taken this quiz